|
|
|
|
| LEADER |
00907cam a2200181 i 4500 |
| 999 |
|
|
|c 158267
|d 158263
|
| 020 |
|
|
|a 9781472485250
|
| 082 |
0 |
0 |
|a 230
|b Q7
|
| 100 |
1 |
|
|a Constantine Jackson, Jennifer
|9 90480
|
| 245 |
1 |
0 |
|a Conversation, friendship and transformation :
|b contemporary and medieval voices in a theology of discourse /
|c Jennifer Constantine Jackson.
|
| 260 |
|
|
|a London:
|b Routledge,
|c 2017.
|
| 300 |
|
|
|a ix, 182 p.
|
| 504 |
|
|
|a Includes bibliographical references (pages [169]-179) and index.
|
| 650 |
|
0 |
|a Conversation
|9 90481
|
| 650 |
|
0 |
|a Oral communication
|9 90482
|
| 856 |
|
|
|u https://books.google.co.in/books?id=vmKuDQAAQBAJ&pg=PT3&dq=9781472485250&hl=en&sa=X&ved=0ahUKEwjf3dX2q9vgAhWNfysKHUzFBoYQ6AEIKDAA#v=onepage&q=9781472485250&f=false
|
| 942 |
|
|
|c BK
|
| 952 |
|
|
|0 0
|1 0
|4 0
|6 230_000000000000000_Q7
|7 0
|9 156724
|a MGUL
|b MGUL
|c GEN
|d 2018-05-19
|e Current Books
|g 11109.00
|l 0
|o 230 Q7
|p 59566
|r 2018-05-19
|w 2018-05-19
|y BK
|